000 00560nam a2200181 i 4500
001 161629
003 ES-MaACL
005 20230906212328.0
008 021106s1863 fr |||| | fre d
080 _a159.95
100 1 _aPelletan, Eugène.
_9223510
245 1 4 _aLes fétes de l'intelligence /
_cpar Eugène Pelletan.
260 _aParis :
_b[s.n.],
_c1863.
300 _a45 p. ;
_c22 cm.
650 4 _aInteligencia.
_913860
852 4 _aES-MaACL
_jT-88-F-6
_z- Enc. hol., falto de cub. original
_z- Enc. en un vol. facticio
999 _c161629
_d161629